[Event "Women's Speed Chess GP2"]
[Site "chess.com INT"]
[Date "2020.07.01"]
[Round "1.11"]
[White "Gunina, Valentina"]
[Black "Pham, Le Thao Nguyen"]
[Result "0-1"]
[WhiteTitle "GM"]
[BlackTitle "IM"]
[WhiteElo "2431"]
[BlackElo "2366"]
[WhiteFideId "4167570"]
[BlackFideId "12401226"]
[EventDate "2020.07.01"]
[EventType "k.o. blitz"]

1. e4 c5 2. Nf3 e6 3. b3 b6 4. Bb2 Bb7 5. Bd3 Nf6 6. Qe2 d6 7. O-O Nbd7 8. e5
dxe5 9. Nxe5 Be7 10. f4 O-O 11. Na3 Re8 12. Nac4 Nf8 13. Rae1 Qd5 14. Ne3 Qd8
15. N3g4 g6 16. Qf2 Nxg4 17. Nxg4 f6 18. Qh4 Kg7 19. Re3 h5 20. Nf2 Rb8 21. Rg3
Kf7 22. Ne4 Bxe4 23. Bxe4 f5 24. Qh3 fxe4 25. f5 exf5 26. Rxg6 Nxg6 27. Qxf5+
Bf6 28. Bxf6 Qc8 29. Qxh5 Rg8 30. Bc3+ Ke8 31. Qh7 Qe6 32. Rf6 Qd5 33. Rxg6 Rxg6
34. Qxg6+ Qf7 35. Qxe4+ Qe7 36. Qc6+ Kf7 37. h3 Rg8 38. Qd5+ Qe6 39. Qb7+ Qe7
40. Qf3+ Ke8 41. d4 Qg5 42. d5 Kd7 43. Bf6 Qg6 44. Be5 Qg5 45. Bf4 Qf5 46. Qf1
Rf8 47. Qb5+ Kd8 48. Bg3 Qxd5 49. Kh2 Qd7 50. Qc4 Re8 51. b4 Kc8 52. bxc5 bxc5
53. Qxc5+ Kd8 54. Qa5+ Kc8 55. Qc5+ Kb7 56. a3 Qc6 57. Qb4+ Ka8 58. a4 Rc8 59.
Qf4 Qxc2 60. a5 Qc6 61. h4 a6 62. h5 Qd5 63. h6 Qh5+ 64. Bh4 Qg6 65. Kh3 Qc6 66.
Qf2 Qd7+ 0-1

[Event "Women's Speed Chess GP2"]
[Site "chess.com INT"]
[Date "2020.07.01"]
[Round "1.12"]
[White "Pham, Le Thao Nguyen"]
[Black "Gunina, Valentina"]
[Result "1/2-1/2"]
[WhiteTitle "IM"]
[BlackTitle "GM"]
[WhiteElo "2366"]
[BlackElo "2431"]
[WhiteFideId "12401226"]
[BlackFideId "4167570"]
[EventDate "2020.07.01"]
[EventType "k.o. blitz"]

1. d4 Nf6 2. Nf3 e6 3. Bg5 d5 4. e3 Be7 5. Nbd2 O-O 6. Bd3 c5 7. c3 Nc6 8. O-O
c4 9. Bc2 h6 10. Bxf6 Bxf6 11. e4 b5 12. Re1 Bb7 13. Nf1 b4 14. Ng3 dxe4 15.
Nxe4 Be7 16. Qe2 Qd5 17. Rad1 Rfd8 18. Qe3 bxc3 19. bxc3 Rab8 20. Qf4 Qf5 21.
Qg3 Ba6 22. Ne5 Nxe5 23. dxe5 Rxd1 24. Rxd1 Kf8 25. Qe3 Qh5 26. f3 Ra8 27. Nd6
Qg5 28. Qe4 Rd8 29. Qh7 Bxd6 30. exd6 f5 31. h4 Qxh4 32. Bxf5 exf5 33. Qxf5+ Qf6
34. Qd5 Bc8 35. Qc5 Be6 36. d7+ Kg8 37. Rd6 Rxd7 38. Qc8+ Kh7 39. Rxd7 Bxd7 40.
Qxd7 Qxc3 41. Qf5+ Kh8 42. Qf8+ Kh7 43. Qf5+ Kh8 44. Qf8+ Kh7 45. Qf5+ 1/2-1/2

[Event "Women's Speed Chess GP2"]
[Site "chess.com INT"]
[Date "2020.07.01"]
[Round "1.1"]
[White "Muzychuk, Anna"]
[Black "Vaishali, R"]
[Result "1/2-1/2"]
[WhiteTitle "GM"]
[BlackTitle "WGM"]
[WhiteElo "2535"]
[BlackElo "2393"]
[WhiteFideId "14111330"]
[BlackFideId "5091756"]
[EventDate "2020.07.01"]
[EventType "k.o. blitz"]

1. e4 e5 2. Nf3 Nc6 3. Bc4 Nf6 4. d3 Bc5 5. c3 a6 6. Nbd2 Ba7 7. Bb3 d6 8. Nf1
O-O 9. Ng3 Ne7 10. O-O Ng6 11. Re1 h6 12. h3 Re8 13. d4 b5 14. a4 c5 15. Bc2
cxd4 16. cxd4 Bb7 17. axb5 axb5 18. Be3 exd4 19. Nxd4 d5 20. Nxb5 Bxe3 21. Rxe3
Rxa1 22. Qxa1 Qb6 23. Rb3 dxe4 24. Nc3 Qc6 25. Qa4 Qxa4 26. Nxa4 Bd5 27. Re3 Rb8
28. b3 Rb4 29. Nc3 Bxb3 30. Bxb3 Rxb3 31. Ncxe4 Rb1+ 32. Kh2 Nxe4 33. Rxe4 Rb2
34. Re2 Rxe2 35. Nxe2 Ne5 1/2-1/2

[Event "Women's Speed Chess GP2"]
[Site "chess.com INT"]
[Date "2020.07.01"]
[Round "1.2"]
[White "Vaishali, R"]
[Black "Muzychuk, Anna"]
[Result "0-1"]
[WhiteTitle "WGM"]
[BlackTitle "GM"]
[WhiteElo "2393"]
[BlackElo "2535"]
[WhiteFideId "5091756"]
[BlackFideId "14111330"]
[EventDate "2020.07.01"]
[EventType "k.o. blitz"]

1. Nf3 f5 2. d3 Nc6 3. d4 e6 4. g3 Nf6 5. Bg2 g6 6. c4 Bg7 7. d5 Ne7 8. dxe6
dxe6 9. Qxd8+ Kxd8 10. Ne5 Ke8 11. Nc3 c6 12. O-O Nd7 13. Nxd7 Bxd7 14. Rd1 e5
15. e4 Be6 16. b3 f4 17. Rd6 Kf7 18. Ba3 Rhd8 19. c5 Rxd6 20. cxd6 Ng8 21. Rd1
Rd8 22. Na4 b6 23. Nb2 Nf6 24. Nd3 Ne8 25. gxf4 Nxd6 26. Nxe5+ Bxe5 27. fxe5 Nb7
28. Rxd8 Nxd8 29. f4 c5 30. Kf2 Nc6 31. Ke3 Nd4 32. Bb2 Nc2+ 33. Kd2 Nb4 34. a3
Nc6 35. f5 Bxb3 36. e6+ Ke7 37. Bh3 Kd6 38. e5+ Nxe5 39. Bxe5+ Kxe5 40. e7 Ba4
41. fxg6 hxg6 42. Bg2 Kd6 43. Be4 g5 44. Ke3 Kxe7 45. Kf3 Kf6 46. Kg4 c4 47. Kf3
Ke5 48. Ke3 b5 49. Bg6 a5 50. Be8 Kd5 51. Bd7 Kc5 52. Kd2 Kd4 53. Be8 Kc5 54.
Kc1 Bb3 55. Kb2 Bd1 56. Kc1 Bf3 57. Kd2 Be4 58. Ke3 Bh7 59. Kd2 b4 60. axb4+
axb4 61. Bf7 Kd4 62. Be6 b3 63. Bf7 b2 0-1

[Event "Women's Speed Chess GP2"]
[Site "chess.com INT"]
[Date "2020.07.01"]
[Round "1.3"]
[White "Muzychuk, Anna"]
[Black "Vaishali, R"]
[Result "1/2-1/2"]
[WhiteTitle "GM"]
[BlackTitle "WGM"]
[WhiteElo "2535"]
[BlackElo "2393"]
[WhiteFideId "14111330"]
[BlackFideId "5091756"]
[EventDate "2020.07.01"]
[EventType "k.o. blitz"]

1. e4 e5 2. Nf3 Nc6 3. Bc4 Nf6 4. d3 Bc5 5. c3 a6 6. Nbd2 Ba7 7. Bb3 O-O 8. O-O
d6 9. h3 Ne7 10. Re1 Ng6 11. Nf1 h6 12. Ng3 b5 13. d4 c5 14. Be3 Bb7 15. Bc2
cxd4 16. cxd4 exd4 17. Bxd4 Bxd4 18. Qxd4 Rc8 19. Bb3 d5 20. e5 Ne4 21. Nf5 Ne7
22. Ne3 Nc5 23. Rad1 Nxb3 24. axb3 Qc7 25. Rd2 Nc6 26. Qf4 Nd8 27. Nxd5 Bxd5 28.
Rxd5 Ne6 29. Qb4 Qc2 30. Rd2 Qg6 31. Qg4 Qxg4 32. hxg4 Rfd8 33. Rxd8+ Rxd8 34.
Ra1 Rd3 35. Rxa6 Rxb3 36. Ra8+ Kh7 37. Ra7 Kg8 38. Ra8+ Kh7 39. Ra7 Kg8 40. Ra8+ 1/2-1/2

[Event "Women's Speed Chess GP2"]
[Site "chess.com INT"]
[Date "2020.07.01"]
[Round "1.4"]
[White "Vaishali, R"]
[Black "Muzychuk, Anna"]
[Result "1-0"]
[WhiteTitle "WGM"]
[BlackTitle "GM"]
[WhiteElo "2393"]
[BlackElo "2535"]
[WhiteFideId "5091756"]
[BlackFideId "14111330"]
[EventDate "2020.07.01"]
[EventType "k.o. blitz"]

1. Nf3 f5 2. d3 Nf6 3. e4 d6 4. Nc3 g6 5. exf5 Bxf5 6. d4 Bg7 7. Bc4 e6 8. O-O
d5 9. Be2 O-O 10. Ne5 c5 11. dxc5 Ne4 12. Nxe4 Bxe4 13. Nd3 Nd7 14. f3 Bxd3 15.
Bxd3 Nxc5 16. c3 Nxd3 17. Qxd3 Qb6+ 18. Kh1 Rac8 19. Rb1 Qa5 20. a3 Qa4 21. Re1
Rfe8 22. Be3 a6 23. Re2 Qc4 24. Rd1 Qxd3 25. Rxd3 Kf7 26. Bd4 Rc4 27. Bxg7 Kxg7
28. Rxd5 Rc7 29. Rd6 Kf7 30. g4 Rce7 31. Rb6 Rd8 32. Kg2 Rd5 33. h4 h5 34. Kg3
Rc5 35. Re3 Rd5 36. a4 Ra5 37. b3 Rd5 38. c4 Rd4 39. a5 Rd1 40. Kf4 Rd4+ 41. Kg5
hxg4 42. fxg4 Rd1 43. Rf3+ Kg7 44. Rf6 Rd4 45. Rxg6+ Kf7 46. Rf6+ Ke8 47. Rfxe6 1-0

[Event "Women's Speed Chess GP2"]
[Site "chess.com INT"]
[Date "2020.07.01"]
[Round "1.5"]
[White "Muzychuk, Anna"]
[Black "Vaishali, R"]
[Result "1-0"]
[WhiteTitle "GM"]
[BlackTitle "WGM"]
[WhiteElo "2535"]
[BlackElo "2393"]
[WhiteFideId "14111330"]
[BlackFideId "5091756"]
[EventDate "2020.07.01"]
[EventType "k.o. blitz"]

1. e4 e5 2. Nf3 Nc6 3. Bc4 Nf6 4. d3 Bc5 5. c3 a6 6. a4 d6 7. Nbd2 O-O 8. O-O h6
9. h3 Re8 10. Re1 Be6 11. Bxe6 Rxe6 12. b4 Bb6 13. a5 Ba7 14. Qc2 d5 15. Nb3 Qe7
16. Bd2 Rd8 17. Rad1 Nh5 18. c4 d4 19. b5 Nb4 20. Qb1 c5 21. b6 Bb8 22. Nxc5
Qxc5 23. Qxb4 Qc6 24. Rc1 Rg6 25. Nh4 Re6 26. c5 Rc8 27. Rc4 Kh7 28. Rec1 g6 29.
Qa4 Ng7 30. Qxc6 Rcxc6 31. g4 f5 32. exf5 gxf5 33. gxf5 Rf6 34. f4 Nxf5 35. fxe5
Bxe5 36. Nf3 Rg6+ 37. Kf1 Bg3 38. Nxd4 Nxd4 39. Rxd4 Rcf6+ 40. Ke2 Be5 41. Rg4
Rc6 42. Rxg6 Kxg6 43. Be3 Bf6 44. d4 Kf5 45. d5 Rc8 46. c6 Ke4 47. cxb7 Rb8 48.
Rc7 Be5 49. Rd7 h5 50. Bg5 Kd4 51. Bd8 Kc5 52. Kd3 Bd6 53. Ke4 Bg3 54. Bc7 Rxb7
55. Bd6+ Bxd6 56. Rxb7 Kb5 57. Rd7 Kxa5 58. Rxd6 1-0

[Event "Women's Speed Chess GP2"]
[Site "chess.com INT"]
[Date "2020.07.01"]
[Round "1.6"]
[White "Vaishali, R"]
[Black "Muzychuk, Anna"]
[Result "0-1"]
[WhiteTitle "WGM"]
[BlackTitle "GM"]
[WhiteElo "2393"]
[BlackElo "2535"]
[WhiteFideId "5091756"]
[BlackFideId "14111330"]
[EventDate "2020.07.01"]
[EventType "k.o. blitz"]

1. Nf3 Nf6 2. g3 g6 3. b3 Bg7 4. Bb2 d6 5. d4 b5 6. Bg2 Bb7 7. O-O O-O 8. Nbd2
b4 9. Re1 Nbd7 10. e4 c5 11. e5 dxe5 12. dxe5 Nd5 13. Ne4 Rc8 14. c4 bxc3 15.
Nxc3 N7b6 16. Qe2 Nxc3 17. Bxc3 Nd5 18. Bb2 Qb6 19. e6 Bxb2 20. Qxb2 f6 21. Rac1
c4 22. Qd4 cxb3 23. Qxb6 Nxb6 24. axb3 Rfd8 25. Rxc8 Rxc8 26. Nd4 Bxg2 27. Kxg2
Rc5 28. Ra1 a5 29. Kf3 Kg7 30. Ke4 f5+ 31. Kd3 Kf6 32. f3 Nd5 33. Re1 Nb4+ 34.
Ke3 Re5+ 35. Kd2 Rd5 36. Ke3 Rxd4 37. Rc1 Rd3+ 38. Ke2 Rxb3 39. Rc8 Kxe6 40. Ra8
Rb2+ 41. Ke3 Nc6 42. Ra6 Kd5 43. h4 Rb3+ 44. Kf4 e5+ 45. Kg5 Rxf3 46. Kh6 Rxg3
47. Kxh7 Rg4 48. Kh6 Rxh4+ 49. Kxg6 f4 50. Kf5 0-1

[Event "Women's Speed Chess GP2"]
[Site "chess.com INT"]
[Date "2020.07.01"]
[Round "1.7"]
[White "Muzychuk, Anna"]
[Black "Vaishali, R"]
[Result "0-1"]
[WhiteTitle "GM"]
[BlackTitle "WGM"]
[WhiteElo "2535"]
[BlackElo "2393"]
[WhiteFideId "14111330"]
[BlackFideId "5091756"]
[EventDate "2020.07.01"]
[EventType "k.o. blitz"]

1. e4 e5 2. Nf3 Nc6 3. Bc4 Nf6 4. d3 h6 5. O-O d6 6. Nc3 g5 7. Ne2 g4 8. Ne1 Be6
9. Bb3 Qd7 10. c3 O-O-O 11. Bxe6 Qxe6 12. b4 d5 13. Qc2 dxe4 14. dxe4 Qc4 15.
Ng3 Rg8 16. Qb3 Qxb3 17. axb3 a6 18. f3 Rd7 19. Kf2 h5 20. Nf5 gxf3 21. gxf3 Ne7
22. Nxe7+ Bxe7 23. Be3 Nh7 24. Rg1 Bh4+ 25. Ke2 Rgd8 26. b5 Kb8 27. bxa6 b6 28.
Ng2 Bf6 29. Rad1 Ka7 30. Rxd7 Rxd7 31. Ra1 Nf8 32. b4 Ne6 33. b5 h4 34. h3 Rd8
35. Rg1 c6 36. bxc6 Rc8 37. Rb1 Rxc6 38. Rb3 Kxa6 39. Bf2 b5 40. Bxh4 Bxh4 41.
Nxh4 Nf4+ 42. Ke3 Rh6 43. Nf5 Rxh3 44. Ra3+ Kb7 45. Rb3 Kc6 46. Ra3 Rh2 47. Ng3
Rg2 48. Ra6+ Kc5 49. Rf6 Rxg3 50. Kd2 Rg2+ 51. Kd1 Kc4 52. Rxf7 Kxc3 53. Rb7 b4
54. Rb5 Nd3 0-1

[Event "Women's Speed Chess GP2"]
[Site "chess.com INT"]
[Date "2020.07.01"]
[Round "1.8"]
[White "Vaishali, R"]
[Black "Muzychuk, Anna"]
[Result "1-0"]
[WhiteTitle "WGM"]
[BlackTitle "GM"]
[WhiteElo "2393"]
[BlackElo "2535"]
[WhiteFideId "5091756"]
[BlackFideId "14111330"]
[EventDate "2020.07.01"]
[EventType "k.o. blitz"]

1. Nf3 Nf6 2. g3 g6 3. b3 Bg7 4. Bb2 O-O 5. Bg2 d5 6. c4 c6 7. O-O a5 8. d3 a4
9. Nbd2 Bf5 10. Nh4 Be6 11. Qc2 Na6 12. a3 axb3 13. Nxb3 dxc4 14. dxc4 Qc7 15.
Nd4 Bd7 16. Rfd1 Nc5 17. Nhf3 Na4 18. Rab1 Nxb2 19. Qxb2 Rfb8 20. Qb3 Ne8 21. c5
e5 22. Nc2 Be6 23. Qe3 Bf5 24. Rb2 Ra7 25. Nb4 Rba8 26. Rb3 h6 27. Nd2 Nf6 28.
Ne4 Nxe4 29. Bxe4 Bxe4 30. Qxe4 Rxa3 31. Rxa3 Rxa3 32. Nd3 Ra8 33. Rb1 Rd8 34.
Qb4 Rd7 35. Qc4 Qd8 36. Kg2 Qe7 37. Rb4 Kh7 38. e4 Rd4 39. Qb3 Rxb4 40. Qxb4 Qd7
41. Qc4 Kg8 42. h4 h5 43. Kf3 Qg4+ 44. Kg2 Qe2 45. Nxe5 Qxc4 46. Nxc4 Bf8 47.
Na5 Bxc5 48. Nxb7 Bd4 49. Kf1 Kg7 50. Ke2 Kf6 51. Na5 c5 52. Nc4 Ke6 53. f3 Bc3
54. g4 Bf6 55. g5 Bc3 56. f4 Bd4 57. Kf3 f6 58. Kg3 fxg5 59. hxg5 Bc3 60. Kf3
Bd4 61. Kg3 Bc3 62. Nb6 Bd4 63. Kf3 Bc3 64. Nd5 Bd4 65. Nc7+ Kd7 66. Nb5 Bg7 67.
Na3 Ke6 68. Nb5 Bb2 69. Nc7+ Kd7 70. Nd5 Ke6 71. Ne3 1-0

[Event "Women's Speed Chess GP2"]
[Site "chess.com INT"]
[Date "2020.07.01"]
[Round "1.9"]
[White "Muzychuk, Anna"]
[Black "Vaishali, R"]
[Result "0-1"]
[WhiteTitle "GM"]
[BlackTitle "WGM"]
[WhiteElo "2535"]
[BlackElo "2393"]
[WhiteFideId "14111330"]
[BlackFideId "5091756"]
[EventDate "2020.07.01"]
[EventType "k.o. blitz"]

1. e4 e5 2. Nf3 Nc6 3. Nc3 Nf6 4. Bb5 Nd4 5. O-O c6 6. Ba4 Nxf3+ 7. Qxf3 d6 8.
Bb3 Be7 9. d3 O-O 10. Qe2 Be6 11. f4 exf4 12. Bxf4 d5 13. e5 Nd7 14. d4 a5 15.
a4 Qb6 16. Be3 f6 17. exf6 Bxf6 18. Rad1 Rae8 19. Qd2 Qb4 20. Na2 Qb6 21. h3 h6
22. Qd3 Re7 23. Kh1 Qc7 24. Bf4 Qd8 25. Bd6 Ref7 26. Bxf8 Rxf8 27. c3 Kh8 28.
Bc2 Bg8 29. Nc1 Nb6 30. b3 Nc8 31. Ne2 Nd6 32. Nf4 Ne4 33. Ng6+ Kh7 34. Nxf8+
Qxf8 35. Rde1 Kh8 36. c4 Qd6 37. Rxe4 dxe4 38. Qxe4 Bxd4 39. Re1 Bb6 40. Qg6 Bc7
41. Qxd6 Bxd6 42. Re8 g5 43. Bf5 Kg7 44. Rd8 Bc5 45. Rd7+ Kf6 46. Bd3 b6 47. Rc7
Ke5 48. Rxc6 Kd4 49. Bf1 Kc3 50. Rxh6 Kxb3 51. Rg6 Bf7 52. Rxg5 Kxa4 53. h4 Kb4
54. h5 Bxh5 55. Rxh5 a4 56. Bd3 Kc3 57. Bb1 Kb2 58. Be4 a3 59. Rh7 a2 60. Ra7
Ba3 61. Rxa3 Kxa3 62. Kh2 a1=Q 63. Kh3 Qe5 64. Bf3 Kb4 65. Bd5 Kc5 0-1

[Event "Women's Speed Chess GP2"]
[Site "chess.com INT"]
[Date "2020.07.01"]
[Round "1.10"]
[White "Vaishali, R"]
[Black "Muzychuk, Anna"]
[Result "1-0"]
[WhiteTitle "WGM"]
[BlackTitle "GM"]
[WhiteElo "2393"]
[BlackElo "2535"]
[WhiteFideId "5091756"]
[BlackFideId "14111330"]
[EventDate "2020.07.01"]
[EventType "k.o. blitz"]

1. Nf3 f5 2. d3 Nf6 3. e4 d6 4. exf5 Bxf5 5. d4 Qd7 6. Be2 g6 7. O-O Bg7 8. c4
O-O 9. Nc3 e6 10. Nh4 d5 11. Nxf5 exf5 12. Bf3 c6 13. cxd5 cxd5 14. Qb3 Rd8 15.
Bg5 Nc6 16. Bxf6 Bxf6 17. Nxd5 Kg7 18. Nxf6 Kxf6 19. d5 Ne5 20. Qc3 Rac8 21. Qe3
Nxf3+ 22. Qxf3 Qxd5 23. Qa3 Qc5 24. Qb3 Rd7 25. Rfe1 Kg7 26. h3 Rcd8 27. Rad1 a6
28. Rxd7+ Rxd7 29. Qe3 Qxe3 30. Rxe3 Kf6 31. Rb3 b5 32. a4 Rd5 33. axb5 Rxb5 34.
Ra3 a5 35. Kh2 Ke5 36. Kg3 g5 37. Ra4 h5 38. h4 g4 39. f3 gxf3 40. gxf3 f4+ 41.
Kh3 Kf5 42. Ra3 Ke5 43. Ra4 Kf5 44. Ra3 Ke6 45. Ra4 Ke5 46. Re4+ Kf5 47. Ra4 Ke6
48. Ra3 Kd5 49. Ra4 Kc5 50. Rxf4 Rxb2 51. Rf5+ Kb4 52. Rxh5 a4 53. Rh8 a3 54.
Ra8 a2 55. Kg4 Kc3 56. h5 Rb4+ 57. Kg5 Kb3 58. Rxa2 Kxa2 59. h6 Kb3 60. h7 Kc4
61. h8=Q Rb5+ 62. Kg4 Rd5 63. Qg8 Kd4 64. f4 Ke4 65. Qe8+ Kd4 66. f5 Re5 67.
Qxe5+ Kxe5 68. Kg5 Ke4 69. f6 Kd3 70. f7 Ke4 71. f8=Q Kd3 72. Qf5+ 1-0

[Event "Women's Speed Chess GP2"]
[Site "chess.com INT"]
[Date "2020.07.01"]
[Round "1.1"]
[White "Ju, Wenjun"]
[Black "Girya, Olga"]
[Result "0-1"]
[WhiteTitle "GM"]
[BlackTitle "WGM"]
[WhiteElo "2560"]
[BlackElo "2469"]
[WhiteFideId "8603006"]
[BlackFideId "4195752"]
[EventDate "2020.07.01"]
[EventType "k.o. blitz"]

1. d4 d5 2. c4 e6 3. Nc3 Nf6 4. cxd5 exd5 5. Bg5 Bb4 6. e3 h6 7. Bh4 g5 8. Bg3
Ne4 9. Ne2 h5 10. f3 Nxg3 11. hxg3 c6 12. a3 Be7 13. Qd3 Nd7 14. g4 h4 15. Ng3
Nb6 16. Nf5 Nc4 17. Rb1 Bxf5 18. gxf5 Bd6 19. Kf2 Bg3+ 20. Kg1 Qb6 21. Ne2 O-O-O
22. b3 Nxa3 23. Ra1 Nb5 24. Nc3 Nxc3 25. Qxc3 Rhe8 26. Ra2 Re7 27. f6 Re6 28.
Bd3 Kb8 29. Re2 Rxf6 30. Qc2 Re6 31. Bf5 Re7 32. Kf1 Rde8 33. Qd3 Qa5 34. Qd2
Qa1+ 35. Re1 Qxe1+ 36. Qxe1 Bxe1 37. Kxe1 Rxe3+ 0-1

[Event "Women's Speed Chess GP2"]
[Site "chess.com INT"]
[Date "2020.07.01"]
[Round "1.2"]
[White "Girya, Olga"]
[Black "Ju, Wenjun"]
[Result "0-1"]
[WhiteTitle "WGM"]
[BlackTitle "GM"]
[WhiteElo "2469"]
[BlackElo "2560"]
[WhiteFideId "4195752"]
[BlackFideId "8603006"]
[EventDate "2020.07.01"]
[EventType "k.o. blitz"]

1. d4 Nf6 2. c4 e6 3. Nf3 d5 4. Nc3 Bb4 5. Qb3 c5 6. dxc5 Na6 7. a3 Bxc3+ 8.
Qxc3 Nxc5 9. cxd5 Qxd5 10. Be3 Nce4 11. Qe5 Qxe5 12. Nxe5 Nd5 13. Bc1 Nc5 14. b4
Nb3 15. Rb1 Nxc1 16. Rxc1 f6 17. Nd3 b6 18. g3 Bb7 19. Bg2 Kf7 20. Bxd5 Bxd5 21.
Rc7+ Kg6 22. Nf4+ Kh6 23. Nxd5 exd5 24. Kd2 Kg6 25. Rhc1 a5 26. b5 h5 27. h4
Rhf8 28. R1c6 Rab8 29. Rd7 Rfe8 30. Rcc7 Rg8 31. Rxd5 Rgd8 32. Rdd7 Rxd7+ 33.
Rxd7 Rc8 34. Rd6 Rc4 35. Rxb6 Ra4 36. Ra6 Rxa3 37. b6 Rb3 38. Rxa5 Rxb6 39. Ke3
Rb3+ 40. Kf4 Rb2 41. Kf3 Rb3+ 42. e3 Rb4 43. Rc5 Rb3 44. Rc4 Rb2 45. Rc3 Rb4 46.
Rc2 Rb3 47. Ra2 Rc3 48. Ra4 Rb3 49. Rd4 Rc3 50. Ke2 Rc2+ 51. Rd2 Rc3 52. Rd3
Rc2+ 53. Kf3 Rb2 54. e4 Rc2 55. Re3 Rb2 56. Kg2 Rc2 57. Rf3 Re2 58. Re3 Rxe3 59.
fxe3 Kf7 60. Kf3 g5 61. e5 gxh4 62. gxh4 fxe5 63. Ke4 Ke6 64. Kf3 Kd5 65. Kf2
Kc4 66. Ke2 Kc3 67. Kf3 Kd3 68. e4 Kd4 69. Kf2 Kxe4 70. Ke2 Kf4 71. Kf2 e4 72.
Ke2 Kg4 73. Ke3 Kxh4 74. Kxe4 Kg3 75. Ke3 h4 0-1

[Event "Women's Speed Chess GP2"]
[Site "chess.com INT"]
[Date "2020.07.01"]
[Round "1.3"]
[White "Ju, Wenjun"]
[Black "Girya, Olga"]
[Result "1/2-1/2"]
[WhiteTitle "GM"]
[BlackTitle "WGM"]
[WhiteElo "2560"]
[BlackElo "2469"]
[WhiteFideId "8603006"]
[BlackFideId "4195752"]
[EventDate "2020.07.01"]
[EventType "k.o. blitz"]

1. d4 Nf6 2. Bf4 d5 3. e3 c5 4. Nf3 cxd4 5. exd4 Nc6 6. c3 Qb6 7. Qb3 Bg4 8.
Nbd2 e6 9. Qxb6 axb6 10. Bd3 Nd7 11. O-O Be7 12. h3 Bh5 13. Rfe1 Bg6 14. Bxg6
hxg6 15. a3 Na5 16. Ne5 Nxe5 17. Bxe5 O-O 18. Re2 Rfc8 19. g3 f6 20. Bf4 g5 21.
Be3 Kf7 22. Kg2 Nc4 23. Nxc4 Rxc4 24. Rae1 Rc6 25. f4 gxf4 26. Bxf4 g5 27. Bc1
Re8 28. Bd2 Bd8 29. Rf1 Kg6 30. g4 Rc7 31. Be1 Rce7 32. Bg3 Bc7 33. Ref2 Rf8 34.
Re1 Bxg3 35. Kxg3 Rh8 36. Ref1 Rf7 37. Re2 Re7 38. Re3 Rf8 39. Rfe1 Rfe8 40. Kg2
Kf7 41. Rf1 Kg6 42. Rfe1 Kf7 43. Rf1 Kg6 44. Ref3 Rf7 45. Re1 Rfe7 46. Ref1 Rf7
47. Re1 Rfe7 48. Ref1 1/2-1/2

[Event "Women's Speed Chess GP2"]
[Site "chess.com INT"]
[Date "2020.07.01"]
[Round "1.4"]
[White "Girya, Olga"]
[Black "Ju, Wenjun"]
[Result "1/2-1/2"]
[WhiteTitle "WGM"]
[BlackTitle "GM"]
[WhiteElo "2469"]
[BlackElo "2560"]
[WhiteFideId "4195752"]
[BlackFideId "8603006"]
[EventDate "2020.07.01"]
[EventType "k.o. blitz"]

1. d4 Nf6 2. c4 e6 3. Nf3 d5 4. Nc3 Be7 5. Bf4 O-O 6. e3 Nbd7 7. a3 dxc4 8. Bxc4
a6 9. O-O b5 10. Ba2 Bb7 11. Ne5 Nxe5 12. Bxe5 Nd7 13. Bg3 Bd6 14. Rc1 Rc8 15.
Qe2 Bxg3 16. hxg3 c5 17. Rfd1 cxd4 18. Rxd4 Qe7 19. Rcd1 Nb6 20. Bb1 g6 21. e4
e5 22. Rd6 Rc6 23. Rxc6 Bxc6 24. Ba2 Rd8 25. Rxd8+ Qxd8 26. Qe3 Qd4 27. Qf3 Nc4
28. Bxc4 Qxc4 29. Qf6 Bxe4 30. Qxe5 Bc6 31. Qb8+ Kg7 32. Qe5+ Kg8 33. Qb8+ Kg7
34. Qe5+ Kg8 1/2-1/2

[Event "Women's Speed Chess GP2"]
[Site "chess.com INT"]
[Date "2020.07.01"]
[Round "1.5"]
[White "Ju, Wenjun"]
[Black "Girya, Olga"]
[Result "1-0"]
[WhiteTitle "GM"]
[BlackTitle "WGM"]
[WhiteElo "2560"]
[BlackElo "2469"]
[WhiteFideId "8603006"]
[BlackFideId "4195752"]
[EventDate "2020.07.01"]
[EventType "k.o. blitz"]

1. e4 c6 2. Nf3 d5 3. d3 dxe4 4. dxe4 Qxd1+ 5. Kxd1 Nf6 6. Nbd2 Nbd7 7. Ne1 Nc5
8. f3 a5 9. a4 g5 10. Nc4 h6 11. Nb6 Rb8 12. Bd2 Nfd7 13. Bxa5 Bg7 14. Kc1 Bd4
15. Nxc8 Rxc8 16. Bd2 Ra8 17. a5 Ne5 18. Ra3 Ne6 19. h4 Rg8 20. hxg5 hxg5 21. b4
f6 22. Bc3 Bxc3 23. Rxc3 c5 24. Bc4 Nxc4 25. Rxc4 cxb4 26. Rxb4 Nc5 27. Rb5 Nd7
28. Nd3 Kf7 29. Kd2 Ra7 30. Rhb1 Rga8 31. Rxb7 1-0

[Event "Women's Speed Chess GP2"]
[Site "chess.com INT"]
[Date "2020.07.01"]
[Round "1.6"]
[White "Girya, Olga"]
[Black "Ju, Wenjun"]
[Result "1-0"]
[WhiteTitle "WGM"]
[BlackTitle "GM"]
[WhiteElo "2469"]
[BlackElo "2560"]
[WhiteFideId "4195752"]
[BlackFideId "8603006"]
[EventDate "2020.07.01"]
[EventType "k.o. blitz"]

1. d4 Nf6 2. c4 e6 3. Nf3 d5 4. Nc3 a6 5. cxd5 exd5 6. Bf4 Be6 7. e3 Bd6 8. h3
O-O 9. Bd3 c5 10. Bxd6 Qxd6 11. dxc5 Qxc5 12. O-O Nc6 13. Rc1 Qe7 14. Ne2 Rac8
15. Nf4 Ne4 16. Qe2 f5 17. Rfd1 Bf7 18. Bb1 g5 19. Nxd5 Bxd5 20. Rxd5 h6 21.
Rcd1 Rcd8 22. Rxd8 Nxd8 23. Qc4+ Nf7 24. Nd4 Rd8 25. Rc1 Nd6 26. Qd5 Qf6 27.
Nxf5 Nxf5 28. Qxf5 Qxb2 29. Rf1 Qg7 30. Be4 Nd6 31. Bd5+ Kh8 32. Qe6 Ne8 33. Bb3
Nf6 34. Rc1 Re8 35. Qb6 Qe7 36. Rc7 Qd8 37. Rxb7 Qxb6 38. Rxb6 Kg7 39. Rxa6 Rc8
40. Ra7+ Kh8 41. Rf7 Rc1+ 42. Kh2 Ne4 43. f3 Nd2 44. Rd7 Nf1+ 45. Kg1 Nxe3+ 46.
Kf2 Nf5 47. Rd8+ Kg7 48. Rd7+ Kh8 49. Rd2 Ra1 50. Bd5 Kg7 51. Be4 Ne7 52. Rb2
Kf6 53. Kg3 Kg7 54. h4 1-0

[Event "Women's Speed Chess GP2"]
[Site "chess.com INT"]
[Date "2020.07.01"]
[Round "1.7"]
[White "Ju, Wenjun"]
[Black "Girya, Olga"]
[Result "1-0"]
[WhiteTitle "GM"]
[BlackTitle "WGM"]
[WhiteElo "2560"]
[BlackElo "2469"]
[WhiteFideId "8603006"]
[BlackFideId "4195752"]
[EventDate "2020.07.01"]
[EventType "k.o. blitz"]

1. e4 c6 2. Nf3 d5 3. d3 dxe4 4. dxe4 Qxd1+ 5. Kxd1 Nf6 6. Nbd2 Ng4 7. Ke2 g6 8.
Ne1 Bg7 9. Nd3 O-O 10. a4 Nd7 11. Nc4 Nge5 12. Ndxe5 Nxe5 13. Nxe5 Bxe5 14. f4
Bc7 15. Be3 e5 16. g3 Re8 17. Bg2 f5 18. a5 fxe4 19. Ra4 exf4 20. gxf4 Bf5 21.
Rha1 Re7 22. Rc4 a6 23. b4 Rf8 24. h3 Bd7 25. Rf1 Bf5 26. Bc5 Rd7 27. Bxf8 Kxf8
28. Bxe4 Bxh3 29. Rh1 Be6 30. Rc3 Bxf4 31. Rd1 Bg4+ 32. Bf3 Re7+ 33. Kf2 Bf5 34.
Rd8+ Kg7 35. Be2 g5 36. Bd3 Bg4 37. Bc4 Be5 38. Rcd3 Bf6 39. Rg8+ Kh6 40. Rd6 1-0